Právne prostriedky ochrany spotrebiteľa v oblasti cestovného ruchu bakalárska práca

Gespeichert in:
Bibliographische Detailangaben
1. Verfasser: Gálfy, Róbert
Körperschaft: Obchodná fakulta EU. Katedra obchodného práva
Weitere Verfasser: Veterníková, Mária, 1964-
Format: Buch
Sprache:Slowakisch
Veröffentlicht: Bratislava 2022
Tags: Tag hinzufügen
Keine Tags, Fügen Sie das erste Tag hinzu!

MARC

LEADER 00000nbm a2200000 4500
001 0285924
005 20221212114714.7
041 0 |a slo 
044 |a SK 
245 1 0 |a Právne prostriedky ochrany spotrebiteľa v oblasti cestovného ruchu  |b bakalárska práca  |c Róbert Gálfy ; školiteľ: Mária Veterníková 
264 1 |a Bratislava  |c 2022 
300 |a 53 s. 
100 1 |a Gálfy, Róbert 
700 1 |a Veterníková, Mária, 1964- 
710 2 |a Obchodná fakulta EU. Katedra obchodného práva